000 00340 a2200157 4500
001 190532
020 _a978-84-668-1025-8
040 _cMagnum
100 _aBloese, Jacquie
240 1 0 _aX-men: the last stand
_lING
245 1 0 _aX-men: the last stand
300 _a64
362 0 _a2007
697 _aLITERATURA INGLESA
942 _cBK
999 _c190532
_d190532